000 00488nam a2200181Ia 4500
001 24747
005 20260414151104.0
008 260414t2013||||xx |||||||||||||| ||spa||
041 _aESP
082 _a345.733
_bT57
100 _aTinageros loza, Víctor
_eAUT
245 0 _aNaturaleza jurídica del notario y las innovaciones al decreto legislativo N° 1049
_b
260 _c2013
300 _a119 páginas :
_c20 cm.
650 _aDER
654 _aCDE
942 _cLIB
_dJUS
_fJUS
_2ddc
_n
999 _c24747
_d24747